Estadísticas para Ciudades más grandes de Venezuela con un mapa

Haz click aquí para intentar la prueba.

Estadísticas generales

  • Esta prueba ha sido intentada 128 veces
  • La puntuación promedio es 7 de 12

Respuestas en el mapa

Las respuestas están codificadas por una escala verde-roja en el mapa de la prueba según el % correcto abajo.
 

Estadísticas de respuestas

PoblaciónCiudad% Correcto
2,09 MCaracas
100%
2,26 MMaracaibo
90%
1,59 MValencia
88%
1,09 MBarquisimeto
70%
0,43 MCiudad Bolívar
68%
0,46 MMaracay
61%
0,45 MBarcelona
59%
0,38 MCumaná
51%
0,51 MMaturín
49%
0,89 MCiudad Guayana
35%
0,44 MPetare
18%
0,38 MTurmero
5%

Distribución de puntuación

Porcentaje por número respondido

Porcentaje de gente con cada puntuación

Historial de tus puntuaciones

No has intentado esta prueba.